000 00468nam a2200181Ia 4500
003 OSt
005 20220926041529.0
006 a|||||r|||| 00| 0
007 ta
008 220923b |||||||| |||| 00| 0 eng d
037 _cGeneral Book
040 _aRTL
_cRTL
_beng
041 _2eng
_aeng
082 _aU43:(G:55).1(X).N9, N2/TD
245 0 _aUrban Environment
942 _hU43:(G:55).1(X).N9, N2/TD
_cGB
_2CC
999 _c667381
_d667381